| 000 | 00863cam a2200277 a 4500 | ||
|---|---|---|---|
| 001 | 4925223 | ||
| 005 | 20231119231038.0 | ||
| 008 | 950515s1996 nyu b 001 0 eng | ||
| 020 | _a0415910005 (cloth) | ||
| 020 | _a0415910013 (pbk.) | ||
| 040 |
_aDLC _cDLC _dDLC |
||
| 082 | 0 | 0 |
_a306 _220 _bGAY |
| 100 | 1 | _aSpivak, Gayatri Chakravorty. | |
| 245 | 1 | 4 |
_aThe Spivak reader : _bselected works of Gayatri Chakravorty Spivak / _cedited by Donna Landry and Gerald MacLean. |
| 260 |
_aNew York : _bRoutledge, _c1996. |
||
| 300 | _a334 p. ; | ||
| 650 | 0 | _aCulture. | |
| 650 | 0 | _aSocial history. | |
| 650 | 0 | _aFeminist theory. | |
| 650 | 0 | _aFeminist criticism. | |
| 650 | 0 | _aFeminism and literature. | |
| 700 | 1 |
_aLandry, Donna. _eedt |
|
| 700 | 1 |
_aMacLean, Gerald M., _eedt |
|
| 856 | 4 | 2 | _uhttp://www.loc.gov/catdir/enhancements/fy0651/95022222-d.html |
| 942 | _cL | ||
| 999 |
_c29 _d29 |
||